000 01044nam a22003497a 4500
001 BR8100842
003 BR-BrBNA
005 20230928090922.0
007 ta
008 230509b bl.||||| |||| 00| 0 por d
040 _aBR-BrBNA
_bpor
_cBiblioteca Nacional de Agricultura
041 _a(Por)
072 _aF00; E70
_b1120
_b1110
_b/G514
090 _ 1120 BR8100842
100 1 _aMaranca, G.
245 1 _aFruticultura comercial. Manga e abacate [Mangifera indica; Persea americana; Brasil]
246 1 _a[Commercial fruitculture. Mango and avocado [Mangifera indica; Persea americana; Brazil]]
250 1 _a4. ed.
260 3 _aSao Paulo, SP (Brasil):
_bNobel,
_c1980.
300 _a138 p.
500 _a10 tables; Bibliography p. 135-138 (55 ref.)
650 _aProducao vegetal
650 _aComercializacao
650 _aManga
650 _aAbacate
650 _aPratica cultural
650 _aReproducao vegetal
650 _aColheita
650 _aPreco
909 _a202309
_bLucia
_c55
_dLucia Elande
942 _cBK
999 _c31261
_d31261